000 00611nam a2200265Ia 4500
005 20260306163703.0
008 008 260114s9999 xx 000 0 eng d
020 _a9780252097904
037 _aEBOOK
040 _aCRL
040 _beng
040 _cCRL
041 _2eng
041 _aeng
084 _qCRL
100 _aFarr, Harker
_91129159
245 0 _aThis Book Is An Action
260 _bUniversity of Illinois Press
260 _c2017
650 _aSocial Work
856 _uhttps://academic.oup.com/book/23556
942 _cEBOOK
999 _c1711088
_d1711088